000 00892nam a2200193Ia 4500
003 IN-BaIIA
008 211028s9999 xx 000 0 eng d
040 _cIIA Library
080 _a524.6(063)
_bTHE-2
111 _aJapanese Symposium on Galaxies
_cTokyo Astronomical Observatory
_d1983 Jan. 25-27
_915104
245 0 _aTheoretical Aspects on structure, activity and Evolution of Galaxies - II
_bproceedings of a Japanese Symposium on Galaxies, held in Tokyo Astronomical Observatory, Japan, 25-27 Jan 1983
_cedited by Yuzuru Yoshii and Shinko Aoki
260 _aTokyo
_bTokyo Astronomical Observatory
_c1984
300 _a[various pagings.]
650 _aAstronomy and Astrophysics thesaurus
650 _aGalaxies Evolution
_910343
700 _aAoki, Shinko., ed
_915105
700 _aYoshii, Yuzuru., ed.
_915106
942 _cBK
999 _c8985
_d8985